Kríza - dopady a možnosti rastu

Dopady globálnej hospodárskej krízy na hospodárstvo EÚ v rámci svetového prostredia, jej členov a na slovenskú ekonomiku ako člena EÚ a eurozóny. Rozličný vývoj v jednotlivých krajinách dokumentuje príspevok prostredníctvom údajov v tabuľkách a ich porovnaním. Ako hlavný nástroj riešenia dopadov je...

Descrizione completa

Salvato in:
Dettagli Bibliografici
Autore principale: Nežinský, Eduard, 1972-
Natura: Capitolo di libro
Lingua:slovacco
Soggetti:
Tags: Aggiungi Tag
Nessun Tag, puoi essere il primo ad aggiungerne!!

MARC

LEADER 00000nla$a2200000$$$4500
001 0120806
005 20240502072352.3
041 0 |a slo 
044 |a SK 
245 1 0 |a Kríza - dopady a možnosti rastu  |c Eduard Nežinský 
520 |a Dopady globálnej hospodárskej krízy na hospodárstvo EÚ v rámci svetového prostredia, jej členov a na slovenskú ekonomiku ako člena EÚ a eurozóny. Rozličný vývoj v jednotlivých krajinách dokumentuje príspevok prostredníctvom údajov v tabuľkách a ich porovnaním. Ako hlavný nástroj riešenia dopadov je uvedená fiškálna politika, ktorej využitie v časoch krízy však vedie k nerovnováhe verejných financií. Na záver sú navrhnuté možnosti pre dlhodobé smerovanie rozvoja smerom k znalostne orientovaným aktivitám. 
610 2 0 |a kríza hospodárska 
610 2 0 |a rast hospodársky 
610 2 0 |a Európska únia 
610 2 0 |a Slovensko 
610 2 0 |a politika fiškálna 
100 1 |a Nežinský, Eduard, 1972-